Hlinitanové sklá s fotoluminiscenčnými vlastnosťami

Enregistré dans:
Détails bibliographiques
Auteur principal: Majerová, Melinda (Auteur)
Autres auteurs: Galusek, Dušan (Directeur de thèse)
Format: Manuscrit Livre
Langue:slovaque
Publié: 2019
Sujets:
Accès en ligne:http://is.stuba.sk/zp/portal_zp.pl?podrobnosti=111585
Tags: Ajouter un tag
Pas de tags, Soyez le premier à ajouter un tag!

MARC

LEADER 00000ntm a22000003a 4500
001 stuzp42672
003 SK-STU
005 20190914210709.9
007 ta
008 150427s2015----xo-----f-mn---000-0-slo-d
040 |a STU  |b slo 
041 0 |a slo 
100 1 |a Majerová, Melinda  |u 042110  |4 aut  |U FCHPT Ústav anorganickej chémie, technológie a materiálov  |T FCHPT Oddelenie anorganických materiálov  |X 65305  |U C2110  |Y 110  |7 65305 
242 0 1 |a Aluminate glasses with photoluminescence properties  |y eng 
245 1 0 |a Hlinitanové sklá s fotoluminiscenčnými vlastnosťami 
260 |c 2019 
650 4 |a kinetika kryštalizácie  |2 slo 
650 4 |a magnetické vlastnosti  |2 slo 
650 4 |a luminiscencia  |2 slo 
650 4 |a termické vlastnosti  |2 slo 
650 4 |a gelenit  |2 slo 
650 4 |a Bi3+  |2 slo 
650 4 |a Ni2+  |2 slo 
650 4 |a reakcia v tuhej fáze  |2 slo 
650 4 |a plameňová syntéza  |2 slo 
650 4 |a sklené mikroguľôčky  |2 slo 
650 4 |a glass microspheres  |2 eng 
650 4 |a Bi3+  |2 eng 
650 4 |a Ni2+  |2 eng 
650 4 |a solid-state reaction  |2 eng 
650 4 |a flame synthesis  |2 eng 
650 4 |a luminescence  |2 eng 
650 4 |a thermal properties  |2 eng 
650 4 |a crystallization kinetics  |2 eng 
650 4 |a magnetic properties  |2 eng 
650 4 |a gehlenite  |2 eng 
700 1 |a Galusek, Dušan  |4 ths  |X 4402  |7 A000004402 
856 4 |u http://is.stuba.sk/zp/portal_zp.pl?podrobnosti=111585